Normal view
MARC view
- Supervisor;Dr. Shafqat Hameed
Entry Personal Name
001 - CONTROL NUMBER
- control field: 126560
003 - CONTROL NUMBER IDENTIFIER
- control field: NUST
005 - DATE AND TIME OF LATEST TRANSACTION
- control field: 20241029104109.0
008 - FIXED-LENGTH DATA ELEMENTS
- fixed length control field: 241029|| aca||aabn | a|a d
040 ## - CATALOGING SOURCE
- Original cataloging agency: NUST
- Transcribing agency: NUST
100 ## - HEADING--PERSONAL NAME
- Personal name: Supervisor;Dr. Shafqat Hameed
670 ## - SOURCE DATA FOUND
- Source citation: Work cat.: (NUST)540485: Muhammad Waqas Aslam 34527, Identification of the Technique Which Enables Quick and Efficient Recovery of Hydrocarbons:/, 2012.
